| 000 | 00795nam a2200277Ia 4500 | ||
|---|---|---|---|
| 001 | 39740 | ||
| 005 | 20240114002105.0 | ||
| 007 | ta | ||
| 008 | 070907s 196 a g b000 u 465 u | ||
| 040 | _aCotton College Assam | ||
| 041 | _a465 | ||
| 082 |
_a371.71 _bVo 889 Or |
||
| 100 | _aVoltmer , Edward F. . | ||
| 245 | 0 |
_aThe Organization and Administration of Physical Education / _cEdward F.Voltmer & A.A.Esslinger. _hTextual Documents |
|
| 250 | _a1st ed / | ||
| 260 |
_aBombay : _bThe Times of ndia Press , _c© 1964. |
||
| 300 |
_axi,558p. : _bill ; _c22cm . |
||
| 500 | _aReplaced 47133 | ||
| 504 | _aIndex | ||
| 653 | _aPhysical Education | ||
| 653 | _aG-Education | ||
| 700 | _aEsslinger, A.A. . | ||
| 942 |
_2ddc _cBK |
||
| 999 |
_c39712 _d39712 |
||